Online Catalogue and eLibrary

Tribal movements in India / (Record no. 320)

MARC details
000 -LEADER
fixed length control field 00485cam a2200181 a 4500
001 - CONTROL NUMBER
control field 4712503
005 - DATE AND TIME OF LATEST TRANSACTION
control field 20240206063255.0
008 - FIXED-LENGTH DATA ELEMENTS--GENERAL INFORMATION
fixed length control field 831129m19821983ii a b 001 0 eng
040 ## - CATALOGING SOURCE (பட்டியலாக்க மூலம்)
Original cataloging agency DLC
Transcribing agency DLC
Modifying agency DLC
-- OCoLC
-- DLC
082 00 - DDC Classification
Class No. 306.
DDC Edition Number 19
Item Number - Author Mark TRI.
245 00 - TITLE STATEMENT
Title Tribal movements in India /
Statement of responsibility, etc. edited by K.S. Singh.
260 ## - PUBLICATION, DISTRIBUTION, ETC.
Place of publication, distribution, etc. New Delhi :
Name of publisher, distributor, etc. Manohar,
Date of publication, distribution, etc. 1982-1983.
300 ## - PHYSICAL DESCRIPTION
Extent (e.g. Volumes, Pages etc.) v 1. :
500 ## - GENERAL NOTE
General note Maps on lining papers.
650 #0 - SUBJECT ADDED ENTRY--TOPICAL TERM
Topical term or geographic name entry element Ethnicity
700 1# - ADDED ENTRY--PERSONAL NAME
Personal name Singh, K. S.,
Relator term (Role) Editor
942 ## - Koha item type (Biblio)
Koha item type Books in Stacks (Lending)
Holdings
Lost status Damaged status Collection code Home library Current library Date acquired Full call number Accession Number Item type
    Lending WERC Library WERC Library 02/06/2024 306. TRI. 981 Books in Stacks (Lending)

© WERC Library